| 000 | 00604nam a2200193Ia 4500 | ||
|---|---|---|---|
| 003 | LDD | ||
| 008 | 190117s9999 xx 000 0 und d | ||
| 020 | _c₹295 | ||
| 040 | _cLDD | ||
| 041 | _ahi | ||
| 082 | _a8H1.709 न686नि | ||
| 100 | _aनवल, नंदकिशोर | ||
| 245 | 0 |
_aनिराला-काव्य की छवियां _cनंदकिशोर नवल |
|
| 260 |
_bदिल्ली _c0 |
||
| 300 | _a194प्र. | ||
| 901 | _aANAMIK | ||
| 904 | _aReqst by : जवरीमल | ||
| 942 |
_2ddc _cH |
||
| 999 |
_c162044 _d162044 |
||